Central Library OPAC University of Rajshahi

Muslims in India : (Record no. 32407)

MARC details
000 -LEADER
fixed length control field 00822nam a2200265 a 4500
001 - CONTROL NUMBER
control field 32407
003 - CONTROL NUMBER IDENTIFIER
rucl marc code BD-RjUL
005 - DATE AND TIME OF LATEST TRANSACTION
control field 20211209051830.0
008 - FIXED-LENGTH DATA ELEMENTS--GENERAL INFORMATION
fixed length control field 140426t1987 ii 001 0 eng d
020 ## - INTERNATIONAL STANDARD BOOK NUMBER
International Standard Book Number 8185119260
035 ## - SYSTEM CONTROL NUMBER
System control number (BD-RjUL)32496
040 ## - CATALOGING SOURCE
Original cataloging agency DLC
Language of cataloging eng
Transcribing agency DLC
Modifying agency BD-RjUL
041 ## - LANGUAGE CODE
Language code of text/sound track or separate title eng
082 04 - DEWEY DECIMAL CLASSIFICATION NUMBER
Classification number 297.0954
Author mark and year HAM 1987
100 1# - MAIN ENTRY--PERSONAL NAME
Personal name Hasan, Qamar,
Dates associated with a name 1939-
9 (RLIN) 98588
245 10 - TITLE STATEMENT
Title Muslims in India :
Remainder of title attitudes, adjustments and reactions /
Statement of responsibility, etc. Qamar Hasan
260 ## - PUBLICATION, DISTRIBUTION, ETC. (IMPRINT)
Place of publication, distribution, etc. New Delhi :
Name of publisher, distributor, etc. Northern Book Centre,
Date of publication, distribution, etc. c1987.
300 ## - PHYSICAL DESCRIPTION
Pagination ix, 252 p. ;
Size 25 cm
500 ## - GENERAL NOTE
General note "First published: 1988"--Jacket
504 ## - BIBLIOGRAPHY, ETC. NOTE
Bibliography, etc Includes index.
650 #0 - SUBJECT ADDED ENTRY--TOPICAL TERM
Topical term or geographic name as entry element Muslims
Geographic subdivision India
General subdivision Psychology.
9 (RLIN) 98589
Topical term or geographic name as entry element Muslims
Geographic subdivision India
General subdivision Social conditions.
9 (RLIN) 98570
651 #0 - SUBJECT ADDED ENTRY--GEOGRAPHIC NAME
Geographic name India
General subdivision Social conditions
Chronological subdivision 1947-
9 (RLIN) 98590
942 ## - ADDED ENTRY ELEMENTS (KOHA)
Source of classification or shelving scheme Dewey Decimal Classification
Koha item type Books
Holdings
Lost status Source of classification or shelving scheme Damaged status Not for loan Collection code Permanent Location Current Location Shelving location Date acquired Source of acquisition Cost, normal purchase price Total Checkouts Full call number Date last seen Copy number Koha item type
  Dewey Decimal Classification   Not For Loan Non-fiction Central Library, University of Rajshahi Central Library, University of Rajshahi Reading Room 24/11/1998 Dhaka Ahsani mission book dis house 198.00   297.0954 HAM 1987 26/04/2014 C-1 Books